Delimitacin̤ de la agencia mercantil en los contratos de colaboracin̤

Detalles Bibliográficos
Autor principal: Quintǹs Eiras, Mara̕ Roco̕
Formato: Desconocido
Lenguaje:español
Publicado: [Madrid] : Editoriales de Derecho Reunidas, D.L. 2000
Colección:Cuadernos mercantiles (Editoriales de Derecho Reunidas)
Materias:
Acceso en línea:Acceso restringido

MARC

LEADER 00000ny a22000003n 4500
005 20110530104743.0
008 020213s2000 sp s 001 spa c
017 |a M48094-2000 
020 |a 8471309939 
035 |a 1597 
040 |a UMA.DER  |d vLex 
040 |a UMA.RE  |d vlex 
080 |a 347.462(460) 
080 |a 347.74(460) 
090 |c 351  |d 351 
100 1 |a Quintǹs Eiras, Mara̕ Roco̕ 
245 1 0 |a Delimitacin̤ de la agencia mercantil en los contratos de colaboracin̤  |h [Recurso electrn̤ico]  |c Mara̕ Roco̕ Quintans Eiras 
256 |a Servicio en ln̕ea 
260 |a [Madrid] :  |b Editoriales de Derecho Reunidas,  |c D.L. 2000 
300 |a 530 p. ;  |c 20 cm 
490 1 |a Cuadernos mercantiles ;  |v 8 
506 1 |a Contenido solo disponible en los productos indicados  |d vLex Global  |d vLex Global (Academic Edition, excluding Law Schools)  |d vLex Global (U.S. Academic Edition, Law Schools)  |d vLex Global (U.S. Academic Edition, excluding Law Schools)  |d vLex Global (Academic Edition, Law Schools) 
650 0 7 |2 Tesauro vLex  |a Contrato de agencia 
650 0 7 |2 Tesauro vLex  |a Civil 
650 0 7 |2 Tesauro vLex  |a Mercantil 
650 0 7 |2 Tesauro vLex  |a Contratos de colaboracin̤ 
650 0 7 |2 Tesauro vLex  |a Contrato de agencia 
650 0 7 |2 Tesauro vLex  |a Contratos de colaboracin̤ externa 
740 0 |a vLex Libros (Servicios en ln̕ea) 
830 0 |a Cuadernos mercantiles (Editoriales de Derecho Reunidas) 
856 4 0 |z Acceso restringido  |u http://vlex.com/source/contratos-colaboracion-agencia-mercantil-1597 
942 |c BOOK 
999 0 |a Civil Law  |b Madrid